01307nam a2200313 a 4500001001200000003000800012006001900020007001500039008004100054020001800095020002700113040002100140035002100161050002500182245008500207250001200292260005900304300001600363504004100379505012900420533015200549650004300701650003800744655002900782700002200811710001700833856012600850999001700976ebr10568857CaPaEBRm u cr cn|||||||||120618s2010 qea sb 000 0 eng d z9781921513640 z9781921513657 (e-book) aCaPaEBRcCaPaEBR a(OCoLC)58915869214aK3585.5b.I58 2010eb00aIn the wilds of climate lawh[electronic resource] /cedited by Rosemary Lyster. a1st ed. aBowen Hills, Qld. :bAustralian Academic Press,c2010. axii, 271 p. aIncludes bibliographical references.0 apt. 1. Keynote -- pt. 2. International perspectives -- pt. 3. Emissions trading -- pt. 4. Litigation and business liability. aElectronic reproduction.bPalo Alto, Calif. :cebrary,d2011.nAvailable via World Wide Web.nAccess may be limited to ebrary affiliated libraries. 0aClimatic changesxLaw and legislation. 0aEnvironmental law, International. 7aElectronic books.2local1 aLyster, Rosemary.2 aebrary, Inc.40uhttp://site.ebrary.com/lib/rucke/Doc?id=10568857zAn electronic book accessible through the World Wide Web; click to view c81793d81793